<?xml version="1.0" encoding="UTF-8"?>
<record
    xmlns:xsi="http://www.w3.org/2001/XMLSchema-instance"
    xsi:schemaLocation="http://www.loc.gov/MARC21/slim http://www.loc.gov/standards/marcxml/schema/MARC21slim.xsd"
    xmlns="http://www.loc.gov/MARC21/slim">

  <leader>02874nam a22002417a 4500</leader>
  <controlfield tag="003">BJBSDDR</controlfield>
  <controlfield tag="005">20260512165114.0</controlfield>
  <controlfield tag="006">a|||||r|||| 00| 0 </controlfield>
  <controlfield tag="007">ta</controlfield>
  <controlfield tag="008">260512s2015    nyu|||||r|||| 00| 0 eng d</controlfield>
  <datafield tag="020" ind1=" " ind2=" ">
    <subfield code="a">9780143127741</subfield>
  </datafield>
  <datafield tag="040" ind1=" " ind2=" ">
    <subfield code="b">spa</subfield>
    <subfield code="c">BJBSDDR</subfield>
  </datafield>
  <datafield tag="041" ind1=" " ind2=" ">
    <subfield code="a">eng</subfield>
  </datafield>
  <datafield tag="050" ind1=" " ind2=" ">
    <subfield code="b">V217b 2015</subfield>
  </datafield>
  <datafield tag="100" ind1="1" ind2=" ">
    <subfield code="a">Van der kolk, Bessel,</subfield>
    <subfield code="d">1943-</subfield>
    <subfield code="9">48413</subfield>
  </datafield>
  <datafield tag="245" ind1="1" ind2="4">
    <subfield code="a">The body keeps the score :</subfield>
    <subfield code="b">brain, mind, and body in the healing of trauma /</subfield>
    <subfield code="c">Bessel A. Van der Kolk.</subfield>
  </datafield>
  <datafield tag="260" ind1=" " ind2=" ">
    <subfield code="a">New York (New York) :</subfield>
    <subfield code="b">Penguin Books, </subfield>
    <subfield code="c">2015</subfield>
  </datafield>
  <datafield tag="300" ind1=" " ind2=" ">
    <subfield code="a">XVI, 445 pages :</subfield>
    <subfield code="b">illustrations ;</subfield>
    <subfield code="c">22 cm</subfield>
  </datafield>
  <datafield tag="505" ind1=" " ind2=" ">
    <subfield code="a">Contenidos : Parte I: The Rediscovery of Trauma
Lessons from Vietnam Veterans
Revolutions in Understanding Mind and Brain
Looking into the Brain: The Neuroscience Revolution
Parte II: This Is Your Brain on Trauma
Running for Your Life: The Anatomy of Survival
Body-Brain Connections
Losing Your Body, Losing Your Self
Parte III: The Minds of Children
Getting on the Same Wavelength: Attachment and Attunement
Trapped in Relationships: The Cost of Abuse and Neglect
What&#x2019;s Love Got to Do with It?
Developmental Trauma: The Hidden Epidemic
Parte IV: The Imprint of Trauma
Uncovering Secrets: The Problem of Traumatic Memory
The Unbearable Heaviness of Remembering
Parte V: Paths to Recovery
Healing from Trauma: Owning Your Self
Language: Miracle and Tyranny
Letting Go of the Past: EMDR
Learning to Inhabit Your Body: Yoga
Putting the Pieces Together: Self-Leadership
Filling in the Holes: Creating Structures
Rewiring the Brain: Neurofeedback
Finding Your Voice: Communal Rhythms and Theater</subfield>
  </datafield>
  <datafield tag="520" ind1=" " ind2=" ">
    <subfield code="a">Bessel van der Kolk explains how trauma reshapes both the mind and the body, not just memory or emotions. The central idea is that traumatic experiences&#x2014;such as abuse, violence, neglect, or war&#x2014;can disrupt the brain&#x2019;s stress systems and leave lasting effects on physical and psychological functioning.

The book shows how trauma affects areas of the brain involved in fear, memory, and self-regulation, often leading to symptoms like hypervigilance, emotional numbness, dissociation, anxiety, and difficulty in relationships. Van der Kolk emphasizes that trauma is often stored in bodily sensations and automatic responses, not just conscious memory.

A major focus is on recovery. The author critiques traditional talk therapy alone and highlights body-based and integrative treatments, including:

Eye Movement Desensitization and Reprocessing (EMDR)
Yoga and mindfulness practices
Neurofeedback
Theater and group-based therapies
Safe, supportive relationships

Overall, the book argues that healing from trauma requires restoring a sense of safety in both the mind and body, helping people reconnect with themselves and others in a regulated, embodied way.</subfield>
  </datafield>
  <datafield tag="942" ind1=" " ind2=" ">
    <subfield code="2">lcc</subfield>
    <subfield code="n">0</subfield>
    <subfield code="c">BK</subfield>
  </datafield>
  <datafield tag="946" ind1=" " ind2=" ">
    <subfield code="i">llh</subfield>
  </datafield>
  <datafield tag="999" ind1=" " ind2=" ">
    <subfield code="c">127070</subfield>
    <subfield code="d">127070</subfield>
  </datafield>
  <datafield tag="952" ind1=" " ind2=" ">
    <subfield code="0">0</subfield>
    <subfield code="1">0</subfield>
    <subfield code="2">lcc</subfield>
    <subfield code="4">0</subfield>
    <subfield code="7">0</subfield>
    <subfield code="8">APT</subfield>
    <subfield code="a">BJB</subfield>
    <subfield code="b">BJB</subfield>
    <subfield code="c">APT</subfield>
    <subfield code="d">2026-05-12</subfield>
    <subfield code="l">0</subfield>
    <subfield code="o">V217b 2015</subfield>
    <subfield code="p">00000200088</subfield>
    <subfield code="r">2026-05-12 16:51:32</subfield>
    <subfield code="t">1</subfield>
    <subfield code="w">2026-05-12</subfield>
    <subfield code="y">BK</subfield>
  </datafield>
</record>
